| 000 | 00729nam a2200229 a 4500 | ||
|---|---|---|---|
| 001 | 000021255 | ||
| 005 | 20200930011258.0 | ||
| 008 | 100902s1985 ho r 000 p spa d | ||
| 040 |
_aDO-SdBNP _bspa _cBNPHU |
||
| 082 |
_aHo861. _bS715s |
||
| 100 | 1 |
_aSosa, Roberto, _944427 |
|
| 245 | 1 | 0 |
_aSecreto militar / _cRoberto Sosa ; prólogo Sara Roll ; prólogo Eduardo Bahr. |
| 260 |
_aTegucigalpa, Honduras : _bGuaymuras, _c1985. |
||
| 300 |
_axxviii, 51, [11] p. ; _c18 cm. |
||
| 490 | 1 | _aSalamandra | |
| 650 | 4 |
_aNovela hondureña _939822 |
|
| 650 | 4 |
_aLiteratura hondureña _ySIGLO XX _939196 |
|
| 700 | 1 |
_aRolla, Sara _epról. _944428 |
|
| 700 | 1 |
_aBahr, Eduardo _epról. _944429 |
|
| 830 | 0 |
_aSalamandra _944430 |
|
| 049 | _aBNGR | ||
| 999 |
_c20755 _d20755 |
||